00399nam a22001697a 4500003000500000005001700005008004100022020001800063040000600081082001600087100001600103245003600119250000800155260003200163300001400195650002000209CEME20210628201743.0210216b xxu||||| |||| 00| 0 eng d a0-07-015000-1 c. a620.106 CUR aCurrie, I.G aFundamental mechanics of fluids a2ND aNEW YORKbMCGRAW HILLc1993 aXVII,454P aFLUID MECHANICS